000 00432nam a2200169Ia 4500
003 GCL
008 140319s9999 xx 000 0 eng d
040 _aGCL /
_cGCL
082 0 4 _a863
_bG N
100 1 _aGALDOS, BENITO PEREZ
245 1 0 _aNAPOLEON EN DROMORTIN /
_cGALDOS, BENITO PEREZ
260 _a[S.N] :
_bALIANZA EDITORIAL ،
_c1984
300 _a216P
650 0 4 _aFICTION
650 0 4 _aSPANISH FICTION
942 _2ddc
_cBK
999 _c10968
_d10968